[Event "GER-ch U12 Girls"]
[Site "Willingen"]
[Date "2024.05.21"]
[Round "4"]
[White "Chen, Yueyi1"]
[Black "Komar, Valeriia"]
[Result "0-1"]
[WhiteElo "1791"]
[BlackElo "1767"]
[PlyCount "106"]
[EventDate "2024.05.19"]
[EventType "swiss"]
[EventRounds "9"]
[EventCountry "GER"]
[SourceTitle "CBM 220 Extra"]
[Source "ChessBase"]
[SourceDate "2024.07.31"]
[SourceVersion "1"]
[SourceVersionDate "2024.07.31"]
[SourceQuality "1"]

1. e4 e5 2. Nf3 Nf6 3. Nxe5 d6 4. Nf3 Nxe4 5. d4 d5 6. Bd3 Nc6 7. 0-0 Be7 8. c4 Nf6 9. Bg5 Bg4 10. Be2 dxc4 11. Nc3 0-0 12. d5 Bxf3 13. Bxf3 Ne5 14. Bxf6 Bxf6 15. Be4 Qd6 16. Re1 Rad8 17. Re3 g6 18. Rg3 Bg7 19. h4 f5 20. Bf3 Nd3 21. Qd2 Bd4 22. Rg5 Bxf2+ 23. Kh1 Bxh4 24. Nb5 Qf6 25. Nxc7 Bxg5 26. Qc3 Qxc3 27. bxc3 Nc5 28. Rd1 Bf4 29. Nb5 a6 30. Nd4 Be5 31. Ne2 g5 32. g4 Nd3 33. Kg1 Kg7 34. Nd4 Bxd4+ 35. cxd4 fxg4 36. Bg2 Nf4 37. Bf1 c3 38. Rc1 Nxd5 39. Bc4 Ne3 40. Rxc3 Nxc4 41. Rxc4 h5 42. Kg2 h4 43. d5 Rxd5 44. Rxg4 Rd2+ 45. Kg1 Kh6 46. Rg2 Rxg2+ 47. Kxg2 g4 48. Kh2 Rf2+ 49. Kg1 g3 50. Kh1 h3 51. Kg1 Kg5 52. a4 a5 53. Kh1 Rf1# 0-1

[Event "GER-ch U12 Girls"]
[Site "Willingen"]
[Date "2024.05.19"]
[Round "2"]
[White "Greither, Flora"]
[Black "Komar, Valeriia"]
[Result "0-1"]
[WhiteElo "1430"]
[BlackElo "1767"]
[PlyCount "76"]
[EventDate "2024.05.19"]
[EventType "swiss"]
[EventRounds "9"]
[EventCountry "GER"]
[SourceTitle "CBM 220 Extra"]
[Source "ChessBase"]
[SourceDate "2024.07.31"]
[SourceVersion "1"]
[SourceVersionDate "2024.07.31"]
[SourceQuality "1"]

1. d4 d5 2. c4 Bf5 3. Nc3 e6 4. Nf3 Nf6 5. Bg5 Be7 6. e3 c6 7. cxd5 exd5 8. Be2 0-0 9. 0-0 Nbd7 10. Ne5 Nxe5 11. dxe5 Nd7 12. Bxe7 Qxe7 13. f4 f6 14. Bf3 fxe5 15. fxe5 Nxe5 16. Be2 Ng6 17. Qd4 Qe5 18. Qc5 Rae8 19. Rf3 a6 20. Raf1 Bc8 21. Rxf8+ Rxf8 22. Rxf8+ Nxf8 23. e4 Nd7 24. Qa5 Qd4+ 25. Kh1 b6 26. Qa3 Qf2 27. h3 d4 28. Bc4+ Kh8 29. Ne2 Nc5 30. Qb4 d3 31. Qxb6 Qf8 32. Nc3 d2 33. Qxc6 Bb7 34. Qb6 Na4 35. Qb3 Nxc3 36. bxc3 Qf2 37. Qa4 Qe1+ 38. Kh2 Qxe4 0-1